Supreme Court Criminal Appeal No. 21 OF 1998 Kibale Ishma Vs Uganda (Record no. 2964)

MARC details
000 -LEADER
fixed length control field 00579nam a22001217a 4500
008 - FIXED-LENGTH DATA ELEMENTS--GENERAL INFORMATION
fixed length control field 110615t xxu||||| |||| 00| 0 eng d
010 ## - LIBRARY OF CONGRESS CONTROL NUMBER
LC control number SCCAF24
245 ## - TITLE STATEMENT
Title Supreme Court Criminal Appeal No. 21 OF 1998 Kibale Ishma Vs Uganda
260 ## - PUBLICATION, DISTRIBUTION, ETC. (IMPRINT)
Date of publication, distribution, etc 1998
500 ## - GENERAL NOTE
General note Coram: Oder, J.S.C; Karokora, J.S.C and Mulenga, J.S.C.
500 ## - GENERAL NOTE
General note Appeal from the judgement of the High Court of Uganda at Kampala Kireju,J dated 7th July, 1995 in the High Court Criminal Session Case No. 42 of 1994
Holdings
Withdrawn status Lost status Source of classification or shelving scheme Damaged status Koha normalized classification for sorting Not for loan Location (home branch) Sublocation or collection (holding branch) Shelving location Date acquired Koha issues (times borrowed) Koha full call number Piece designation (barcode) Koha date last seen Price effective from Koha item type
    Dewey Decimal Classification   SCCA_F_24   Law Development Centre Main Library Law Development Centre Main Library Law Reports 06/15/2011   SCCA F_24 21/1998/1 06/15/2011 06/15/2011 Un Reported Cases